| 000 | 00708nam a22001937a 4500 | ||
|---|---|---|---|
| 005 | 20140312115326.0 | ||
| 010 | _aB-505468-470 | ||
| 020 |
_a9780143066071 _c499.00 |
||
| 035 | _aB-505468-470 | ||
| 037 |
_adpl _bK.K.Pub/Ven |
||
| 082 | _a305.51220954 | ||
| 100 | _aHeredia, Rudolf C. | ||
| 245 |
_aTaking Sides: _breservation quotas and minority rights in India/ _cby Rudolf C. Heredia |
||
| 260 |
_aNew Delhi _bPenguin Books _c2012 |
||
| 270 |
_a11 Community Centre, Panchsheel Park _bNew Delhi _e110017 (India) |
||
| 300 |
_a383p. _c10cm.(pbk) |
||
| 942 |
_2ddc _cCH _h305.51220954 _mHER |
||
| 999 |
_c82967 _d82967 |
||